| 000 | 01637cam a2200385 a 4500 | ||
|---|---|---|---|
| 999 |
_c28541 _d28512 |
||
| 001 | 15620139 | ||
| 003 | EG-ScBUE | ||
| 005 | 20200809095518.0 | ||
| 008 | 090211t2009 paua f 001 0 eng d | ||
| 020 | _a9780781774321 (pbk.) | ||
| 020 | _a0781774322 (pbk.) | ||
| 035 | _a(OCoLC)ocn191807916 | ||
| 040 |
_aUKM _beng _erda _cUKM _dBTCTA _dBAKER _dYDXCP _dIBI _dDLC _dEG-ScBUE |
||
| 050 | 0 | 0 |
_aPE1128 _b.D465 2008 |
| 082 | 0 | 4 |
_a428.340246151 _bGIL _222 |
| 100 | 1 |
_aDíaz-Gilbert, Miriam, _eauthor. _940793 |
|
| 245 | 1 | 0 |
_aEnglish for pharmacy writing and oral communication / _cMiriam Diaz-Gilbert, assistant director, Writing Center, lecturer of English, Humanities Department, University of Sciences in Philadelphia. |
| 264 | 1 |
_aPhiladelphia : _bWolters Kluwer/Lippincott Williams & Wilkins, _c[2009] |
|
| 264 | 4 | _cc2009 | |
| 300 |
_axv, 411 pages ; _c27 cm |
||
| 336 |
_2rdacontent _atext _btxt |
||
| 337 |
_2rdamedia _aunmediated _bn |
||
| 338 |
_2rdacarrier _avolume _bnc |
||
| 500 | _aIncludes appendices. | ||
| 500 | _aIncludes index. | ||
| 650 | 7 |
_aEnglish language _vTextbooks for foreign speakers. _2BUEsh |
|
| 650 | 7 |
_aEnglish language _xSpoken English. _2BUEsh |
|
| 650 | 7 |
_aEnglish language _xTechnical English. _2BUEsh |
|
| 650 | 7 |
_aPharmacy _xTerminology. _2BUEsh |
|
| 653 |
_bHHUUEENN _cJuly2020 |
||
| 655 |
_vReading book _934232 |
||
| 906 |
_a7 _bcbc _ccopycat _d2 _encip _f20 _gy-gencatlg |
||
| 942 |
_2ddc _cBB |
||